<?xml version="1.0" encoding="UTF-8"?>
<record
    xmlns:xsi="http://www.w3.org/2001/XMLSchema-instance"
    xsi:schemaLocation="http://www.loc.gov/MARC21/slim http://www.loc.gov/standards/marcxml/schema/MARC21slim.xsd"
    xmlns="http://www.loc.gov/MARC21/slim">

  <leader>01673nam0a2200313   4500</leader>
  <controlfield tag="001">RU\NLR\bibl\1357802</controlfield>
  <controlfield tag="005">20260405133025.0</controlfield>
  <datafield tag="010" ind1=" " ind2=" ">
    <subfield code="a">978-5-292-03865-8</subfield>
    <subfield code="9">150</subfield>
  </datafield>
  <datafield tag="021" ind1=" " ind2=" ">
    <subfield code="a">RU</subfield>
    <subfield code="b">2009-14564</subfield>
    <subfield code="9">864</subfield>
  </datafield>
  <datafield tag="035" ind1=" " ind2=" ">
    <subfield code="a">(NLR Aleph) 001349993</subfield>
  </datafield>
  <datafield tag="090" ind1=" " ind2=" ">
    <subfield code="a">914714</subfield>
    <subfield code="c">914714</subfield>
  </datafield>
  <datafield tag="100" ind1=" " ind2=" ">
    <subfield code="a">20090417d2008    |||y0rusy50      ca</subfield>
  </datafield>
  <datafield tag="101" ind1="0" ind2=" ">
    <subfield code="a">rus</subfield>
  </datafield>
  <datafield tag="102" ind1=" " ind2=" ">
    <subfield code="a">RU</subfield>
  </datafield>
  <datafield tag="105" ind1=" " ind2=" ">
    <subfield code="a">a   |||||||||</subfield>
  </datafield>
  <datafield tag="200" ind1="1" ind2=" ">
    <subfield code="a">&#x417;&#x430;&#x43A;&#x43E;&#x43D;&#x44B; &#x441;&#x43E;&#x445;&#x440;&#x430;&#x43D;&#x435;&#x43D;&#x438;&#x44F; &#x432; &#x43C;&#x435;&#x445;&#x430;&#x43D;&#x438;&#x43A;&#x435;</subfield>
    <subfield code="e">&#x443;&#x447;&#x435;&#x431;&#x43D;&#x43E;&#x435; &#x43F;&#x43E;&#x441;&#x43E;&#x431;&#x438;&#x435; &#x434;&#x43B;&#x44F; &#x441;&#x43B;&#x443;&#x448;&#x430;&#x442;&#x435;&#x43B;&#x435;&#x439; 10 &#x43A;&#x43B;&#x430;&#x441;&#x441;&#x43E;&#x432; &#x417;&#x430;&#x43E;&#x447;&#x43D;&#x43E;&#x439; &#x444;&#x438;&#x437;&#x438;&#x43A;&#x43E;-&#x43C;&#x430;&#x442;&#x435;&#x43C;&#x430;&#x442;&#x438;&#x447;&#x435;&#x441;&#x43A;&#x43E;&#x439; &#x448;&#x43A;&#x43E;&#x43B;&#x44B; &#x43F;&#x440;&#x438; &#x421;&#x430;&#x440;&#x430;&#x442;&#x43E;&#x432;&#x441;&#x43A;&#x43E;&#x43C; &#x433;&#x43E;&#x441;&#x443;&#x434;&#x430;&#x440;&#x441;&#x442;&#x432;&#x435;&#x43D;&#x43D;&#x43E;&#x43C; &#x443;&#x43D;&#x438;&#x432;&#x435;&#x440;&#x441;&#x438;&#x442;&#x435;&#x442;&#x435;</subfield>
    <subfield code="f">&#x410;.&#x415;. &#x412;&#x430;&#x441;&#x438;&#x43B;&#x44C;&#x435;&#x432;, &#x411;.&#x415;. &#x416;&#x435;&#x43B;&#x435;&#x437;&#x43E;&#x432;&#x441;&#x43A;&#x438;&#x439;, &#x412;.&#x410;. &#x420;&#x430;&#x447;&#x43A;&#x43E;&#x432;</subfield>
    <subfield code="g">&#x421;&#x430;&#x440;&#x430;&#x442;. &#x433;&#x43E;&#x441;. &#x443;&#x43D;-&#x442; &#x438;&#x43C;. &#x41D;.&#x413;. &#x427;&#x435;&#x440;&#x43D;&#x44B;&#x448;&#x435;&#x432;&#x441;&#x43A;&#x43E;&#x433;&#x43E;</subfield>
  </datafield>
  <datafield tag="210" ind1=" " ind2=" ">
    <subfield code="a">&#x421;&#x430;&#x440;&#x430;&#x442;&#x43E;&#x432;</subfield>
    <subfield code="c">&#x418;&#x437;&#x434;-&#x432;&#x43E; &#x421;&#x430;&#x440;&#x430;&#x442;&#x43E;&#x432;&#x441;&#x43A;&#x43E;&#x433;&#x43E; &#x443;&#x43D;&#x438;&#x432;&#x435;&#x440;&#x441;&#x438;&#x442;&#x435;&#x442;&#x430;</subfield>
    <subfield code="d">2008</subfield>
  </datafield>
  <datafield tag="215" ind1=" " ind2=" ">
    <subfield code="a">58, [1] &#x441;.</subfield>
    <subfield code="c">&#x438;&#x43B;.</subfield>
    <subfield code="d">21</subfield>
  </datafield>
  <datafield tag="320" ind1=" " ind2=" ">
    <subfield code="a">&#x411;&#x438;&#x431;&#x43B;&#x438;&#x43E;&#x433;&#x440;.: &#x441;. 57</subfield>
  </datafield>
  <datafield tag="606" ind1="1" ind2=" ">
    <subfield code="a">&#x41C;&#x435;&#x445;&#x430;&#x43D;&#x438;&#x43A;&#x430;</subfield>
    <subfield code="j">&#x423;&#x447;&#x435;&#x431;&#x43D;&#x44B;&#x435; &#x438;&#x437;&#x434;&#x430;&#x43D;&#x438;&#x44F; &#x434;&#x43B;&#x44F; &#x437;&#x430;&#x43E;&#x447;&#x43D;&#x43E;&#x433;&#x43E; &#x43E;&#x431;&#x443;&#x447;&#x435;&#x43D;&#x438;&#x44F;</subfield>
    <subfield code="x">&#x421;&#x43E;&#x445;&#x440;&#x430;&#x43D;&#x435;&#x43D;&#x438;&#x44F; &#x437;&#x430;&#x43A;&#x43E;&#x43D;&#x44B;</subfield>
    <subfield code="9">2234679</subfield>
    <subfield code="3">RU\NLR\auth\661341159</subfield>
  </datafield>
  <datafield tag="686" ind1=" " ind2=" ">
    <subfield code="a">&#x412;23&#x44F;728-1</subfield>
  </datafield>
  <datafield tag="700" ind1=" " ind2="1">
    <subfield code="4">070</subfield>
    <subfield code="8">rus</subfield>
    <subfield code="7">ca</subfield>
    <subfield code="a">&#x412;&#x430;&#x441;&#x438;&#x43B;&#x44C;&#x435;&#x432;</subfield>
    <subfield code="b">&#x410;. &#x415;.</subfield>
    <subfield code="c">&#x43A;&#x430;&#x43D;&#x434;. &#x442;&#x435;&#x445;&#x43D;. &#x43D;&#x430;&#x443;&#x43A;, &#x444;&#x438;&#x437;&#x438;&#x43A;&#x430;</subfield>
    <subfield code="f">1948-</subfield>
    <subfield code="g">&#x410;&#x43B;&#x435;&#x43A;&#x441;&#x430;&#x43D;&#x434;&#x440; &#x415;&#x432;&#x433;&#x435;&#x43D;&#x44C;&#x435;&#x432;&#x438;&#x447;</subfield>
    <subfield code="3">RU\NLR\auth\7753766</subfield>
    <subfield code="9">36698</subfield>
  </datafield>
  <datafield tag="701" ind1=" " ind2="1">
    <subfield code="a">&#x416;&#x435;&#x43B;&#x435;&#x437;&#x43E;&#x432;&#x441;&#x43A;&#x438;&#x439;</subfield>
    <subfield code="b">&#x411;. &#x415;.</subfield>
    <subfield code="g">&#x411;&#x43E;&#x440;&#x438;&#x441; &#x415;&#x43C;&#x435;&#x43B;&#x44C;&#x44F;&#x43D;&#x43E;&#x432;&#x438;&#x447;</subfield>
    <subfield code="4">070</subfield>
  </datafield>
  <datafield tag="701" ind1=" " ind2="1">
    <subfield code="a">&#x420;&#x430;&#x447;&#x43A;&#x43E;&#x432;</subfield>
    <subfield code="b">&#x412;. &#x410;.</subfield>
    <subfield code="g">&#x412;&#x430;&#x43B;&#x435;&#x440;&#x438;&#x439; &#x410;&#x43B;&#x435;&#x43A;&#x441;&#x430;&#x43D;&#x434;&#x440;&#x43E;&#x432;&#x438;&#x447;</subfield>
    <subfield code="4">070</subfield>
  </datafield>
  <datafield tag="801" ind1=" " ind2="0">
    <subfield code="a">RU</subfield>
    <subfield code="b">NLR</subfield>
    <subfield code="c">20090417</subfield>
    <subfield code="g">RCR</subfield>
  </datafield>
  <datafield tag="801" ind1=" " ind2="1">
    <subfield code="a">RU</subfield>
    <subfield code="b">NLR</subfield>
    <subfield code="c">20090417</subfield>
  </datafield>
  <datafield tag="942" ind1=" " ind2=" ">
    <subfield code="c">BOOK</subfield>
  </datafield>
  <datafield tag="980" ind1=" " ind2=" ">
    <subfield code="a">NB</subfield>
  </datafield>
  <datafield tag="995" ind1=" " ind2=" ">
    <subfield code="5">2009-04-17</subfield>
    <subfield code="a">ad</subfield>
    <subfield code="b">NLR01</subfield>
    <subfield code="c">NLR01</subfield>
    <subfield code="e">RF9</subfield>
    <subfield code="f">2901725</subfield>
    <subfield code="k">2009-4/5861</subfield>
    <subfield code="o">0</subfield>
    <subfield code="r">BOOK</subfield>
    <subfield code="s">200945861_</subfield>
  </datafield>
  <datafield tag="995" ind1=" " ind2=" ">
    <subfield code="5">2009-04-17</subfield>
    <subfield code="a">ad</subfield>
    <subfield code="b">NLR01</subfield>
    <subfield code="c">NLR01</subfield>
    <subfield code="e">RF9</subfield>
    <subfield code="f">2901726</subfield>
    <subfield code="k">2009-4/5861</subfield>
    <subfield code="o">0</subfield>
    <subfield code="r">BOOK</subfield>
    <subfield code="s">200945861_</subfield>
  </datafield>
</record>
